Eastern Utah Libraries Catalog: Duchesne, Heber, Roosevelt, & Vernal

Prehistoric predator models! / (Record no. 407327)

MARC details
000 -LEADER
fixed length control field 01012nam a2200265 4500
001 - CONTROL NUMBER
control field 2375679
003 - CONTROL NUMBER IDENTIFIER
control field IlBcCP
005 - DATE AND TIME OF LATEST TRANSACTION
control field 20250424114152.0
008 - FIXED-LENGTH DATA ELEMENTS--GENERAL INFORMATION
fixed length control field 250424s2024 enka j 000 0 eng
020 ## - INTERNATIONAL STANDARD BOOK NUMBER
International Standard Book Number 1915461235
020 ## - INTERNATIONAL STANDARD BOOK NUMBER
International Standard Book Number 9781915461230
040 ## - CATALOGING SOURCE
Transcribing agency IlBcCP
082 14 - DEWEY DECIMAL CLASSIFICATION NUMBER
Classification number 745.5928
Edition number 23
100 1# - MAIN ENTRY--PERSONAL NAME
Personal name Ives, Rob.
9 (RLIN) 5792310
245 10 - TITLE STATEMENT
Title Prehistoric predator models! /
Statement of responsibility, etc Rob Ives.
260 ## - PUBLICATION, DISTRIBUTION, ETC. (IMPRINT)
Place of publication, distribution, etc Cornwall :
Name of publisher, distributor, etc Hungry Tomato,
Date of publication, distribution, etc 2024.
300 ## - PHYSICAL DESCRIPTION
Extent 32 p. :
Other physical details col. ill. ;
Dimensions 24 cm
490 1# - SERIES STATEMENT
Series statement Build your own dinosaur
520 ## - SUMMARY, ETC.
Summary, etc Build your own moving models, inspired by ferocious dinosaurs from the past. From a biting T-rex automaton to a snapping Spinosaurus grabber, this book is full of engaging makerspace projects that combine science and technology with hands-on model making.
521 2# - TARGET AUDIENCE NOTE
Target audience note 3456.
650 #7 - SUBJECT ADDED ENTRY--TOPICAL TERM
Topical term or geographic name as entry element Creative activities and seat work.
Source of heading or term sears
650 #7 - SUBJECT ADDED ENTRY--TOPICAL TERM
Topical term or geographic name as entry element Models and modelmaking.
Source of heading or term sears
800 1# - SERIES ADDED ENTRY--PERSONAL NAME
Personal name Ives, Rob.
Title of a work Build your own dinosaur!
9 (RLIN) 6543751
852 ## - LOCATION/CALL NUMBER
-- 22.99
Holdings
Withdrawn status Lost status Source of classification or shelving scheme Damaged status Not for loan Collection code Home library Current library Shelving location Date acquired Source of acquisition Total Checkouts Full call number Barcode Date last seen Cost, replacement price Price effective from Koha item type
    Dewey Decimal Classification     Junior NonFiction Wasatch County Library Wasatch County Library Second Floor 06/25/2025 Libraria   J 745.59 Ives 34301002159160 12/26/2025 22.99 06/25/2025 BOOK
This project was made possible through a grant from the Institute of Museum and Library Service administered by the Utah State Library Division.

Wasatch County Library

  • 465 East 1200 South, Heber City, Utah 84032
  • Phone 435-654-1511 | Fax 435-654-6456

Hours

  • Monday - Friday 9:30 AM - 8:00 PM
  • Saturday 9:30 AM - 1:30 PM
  • Closed Sundays and Holidays